00463nam a22001337a 4500008004100000020002200041050002000063100003000083245005500113260004500168300004100213500004800254650002700302130520t2009 mx ||||| |||| 00| 0 spa d a978-607-438-057-6 aHF5686.C8bG376 aGARCÍA MENDOZA, Alberto aContabilidad de costosc/ Alberto García Mendoza aMéxicob: Grupo Editorial Patriac2009 a182 p.b: tablas, cuadros.c; 22 cm. aIncluye: tabla de contenido y conclusiones. aCONTABILIDAD DE COSTOS